Welcome to the Holygrace Academy Library

Please use search bar below to get started

INFORMATICS PRACTICES (Record no. 587)

MARC details
000 -LEADER
fixed length control field 00281nam a22001217a 4500
082 ## - DEWEY DECIMAL CLASSIFICATION NUMBER
Classification number 004
Item number ARO/I
100 ## - MAIN ENTRY--AUTHOR NAME
Personal name SUMITA ARORA
245 ## - TITLE STATEMENT
Title INFORMATICS PRACTICES
Remainder of title CLASS XII
260 ## - PUBLICATION, DISTRIBUTION, ETC. (IMPRINT)
Place of publication DELHI
Name of publisher DHANPAT RAI & CO
Year of publication 2010
300 ## - PHYSICAL DESCRIPTION
Number of Pages 672
650 ## - SUBJECT ADDED ENTRY--TOPICAL TERM
Topical Term IP FOR CLASS XII
Geographic subdivision INDIA
942 ## - ADDED ENTRY ELEMENTS (KOHA)
Koha item type Books
Holdings
Withdrawn status Lost status Collection code Home library Current library Shelving location Date acquired Source of acquisition Cost, normal purchase price Full call number Accession Number Koha item type
    Reference Main Library Main Library SHELF 10 A PLUS 2 COMPUTER SCIENCE & INFORMATIC PRACTICE 19/05/2010 purchase 295.00 004 ARO/I 04883 Books
    Reference Main Library Main Library SHELF 10 A PLUS 2 COMPUTER SCIENCE & INFORMATIC PRACTICE 21/05/2019 purchase 270.00 004 ARO/I 11137 Books